Countries Visiting Ukraine the Most - Statistics

General Stats
  • This quiz has been taken 686 times
  • The average score is 8 of 10
Answer Stats
No.visitors Country % Correct
1.5 million Russia
100%
1.8 million Belarus
93%
1.2 million Poland
93%
0.8 million Romania
91%
4.3 million Moldova
86%
0.2 million Germany
84%
1.3 million Hungary
78%
0.2 million Turkey
75%
0.4 million Slovakia
73%
0.2 million Israel
25%
No matching quizzes found
Score Distribution
Percent of People with Each Score
Percentile by Number Answered
Your Score History
You have not taken this quiz